Principles of college physics, (Record no. 8698)

MARC details
000 -LEADER
fixed length control field 00680nam a22002171 4500
001 - CONTROL NUMBER
control field 2165921
003 - CONTROL NUMBER IDENTIFIER
control field OSt
005 - DATE AND TIME OF LATEST TRANSACTION
control field 20240621124238.0
008 - FIXED-LENGTH DATA ELEMENTS--GENERAL INFORMATION
fixed length control field 841211s1959 njua 000 0 eng
010 ## - LIBRARY OF CONGRESS CONTROL NUMBER
LC control number 59011031
040 ## - CATALOGING SOURCE
Original cataloging agency DLC/ICU
Transcribing agency MUST
Modifying agency DLC
082 00 - DEWEY DECIMAL CLASSIFICATION NUMBER
Classification number 530 SHO 1959
100 1# - MAIN ENTRY--PERSONAL NAME
Personal name Shortley, George,
Dates associated with a name 1910-
9 (RLIN) 17588
245 10 - TITLE STATEMENT
Title Principles of college physics,
Statement of responsibility, etc. by George Shortley and Dudley Williams.
260 ## - PUBLICATION, DISTRIBUTION, ETC. (IMPRINT)
Place of publication, distribution, etc. Englewood Cliffs, N.J.,
Name of publisher, distributor, etc. Prentice-Hall,
Date of publication, distribution, etc. 1959.
300 ## - PHYSICAL DESCRIPTION
Extent 898 p.
Other physical details ill.
Dimensions 24 cm.
650 #0 - SUBJECT ADDED ENTRY--TOPICAL TERM
Topical term or geographic name as entry element Physics.
9 (RLIN) 809
700 1# - ADDED ENTRY--PERSONAL NAME
Personal name Williams, Dudley,
Dates associated with a name 1912-
Relator term joint author.
9 (RLIN) 17589
906 ## - LOCAL DATA ELEMENT F, LDF (RLIN)
a 7
b cbc
c orignew
d u
e ocip
f 19
g y-gencatlg
942 ## - ADDED ENTRY ELEMENTS (KOHA)
Source of classification or shelving scheme Dewey Decimal Classification
Koha item type Open Shelf
Holdings
Withdrawn status Lost status Source of classification or shelving scheme Damaged status Not for loan Home library Current library Date acquired Source of acquisition Inventory number Total Checkouts Full call number Barcode Date last seen Price effective from Koha item type
    Dewey Decimal Classification     MUST Main Library MUST Main Library 21/06/2024 Donation 1999/13142   530 SHO 1959 2024-21004 21/06/2024 21/06/2024 Open Shelf